[Event "12th Open"]
[Site "Dubai UAE"]
[Date "2010.04.05"]
[Round "1"]
[White "Bhagwat,V"]
[Black "Sargissian,G"]
[Result "1/2-1/2"]
[WhiteElo "2214"]
[BlackElo "2675"]
[EventDate "2010.04.05"]

1. d4 Nf6 2. c4 e6 3. Nc3 Bb4 4. Qc2 O-O 5. e4 d6 6. e5 dxe5 7. dxe5 Ng4 8.
Nf3 Nc6 9. Bf4 Nd4 10. Qe4 Bc5 11. Bg3 f5 12. exf6 Nxf6 13. Qd3 e5 14. Nxd4
exd4 15. O-O-O c6 16. Na4 b6 17. Be2 Be6 18. Bf3 Bg4 19. Nxc5 bxc5 20. Bxc6
Bxd1 21. Rxd1 Rc8 22. Bb7 Rc7 23. Bxc7 Qxc7 24. Bf3 Qxh2 25. Qf5 Qc7 26.
Re1 Qa5 27. Re7 Qxa2 28. Qxc5 Qa1+ 29. Kc2 d3+ 30. Kc3 Qc1+ 31. Kb3 a5 32.
Bd5+ Nxd5 33. Qxd5+ Kh8 34. Qe5 Qd1+ 35. Ka3 Qa1+ 36. Kb3 Qd1+ 37. Ka3 Rg8
38. Rxg7 Qa1+ 39. Kb3 Qd1+ 40. Ka3 Qa1+ 41. Kb3 Qd1+ 42. Ka3 Qa1+ 43. Kb3
1/2-1/2

[Event "12th Open"]
[Site "Dubai UAE"]
[Date "2010.04.05"]
[Round "1"]
[White "Baklan,V"]
[Black "Ghader Pour,S"]
[Result "1-0"]
[WhiteElo "2644"]
[BlackElo "2213"]
[EventDate "2010.04.05"]

1. e4 c5 2. Nf3 e6 3. Nc3 a6 4. g3 Nc6 5. Bg2 d6 6. O-O Be7 7. d4 cxd4 8.
Nxd4 Bd7 9. Nb3 Nf6 10. Kh1 Rc8 11. f4 O-O 12. g4 Be8 13. a4 Na5 14. Nxa5
Qxa5 15. g5 Nd7 16. f5 Bd8 17. Bf4 e5 18. Bd2 Qc5 19. f6 Nb6 20. Qh5 Bd7
21. fxg7 Kxg7 22. Qh6+ Kg8 23. a5 1-0

[Event "12th Open"]
[Site "Dubai UAE"]
[Date "2010.04.05"]
[Round "1"]
[White "Balogh,C"]
[Black "Antonio,V"]
[Result "1-0"]
[WhiteElo "2622"]
[BlackElo "2201"]
[EventDate "2010.04.05"]

1. e4 c5 2. Nf3 d6 3. Nc3 Nf6 4. d4 cxd4 5. Qxd4 Nc6 6. Bb5 Bd7 7. Bxc6
Bxc6 8. Bg5 e6 9. O-O-O Be7 10. Qd3 O-O 11. Nd4 Rc8 12. h4 Qa5 13. f4 Rfe8
14. Kb1 d5 15. e5 Nd7 16. Bxe7 Rxe7 17. Qg3 f5 18. Qg5 Rce8 19. g4 fxg4 20.
Rhg1 Nf8 21. Rxg4 Rf7 22. f5 exf5 23. Nxf5 Ne6 24. Qh5 g6 25. Rdg1 Qc7 26.
Nd6 Ref8 27. Nxf7 Qxf7 28. Qh6 d4 29. Ne4 Bxe4 30. Rxe4 Qf3 31. Ree1 d3 32.
Qd2 Nd4 33. cxd3 Qd5 34. Qg2 Nf3 35. Rd1 Qxe5 36. Rgf1 Qd5 37. Ka1 Rf6 38.
Qg4 Qf7 39. Rc1 Kg7 40. Qc8 Kh6 41. Rc7 Qd5 42. Qh8 Rf7 43. Rxf7 Qxf7 44.
Qc3 Qd5 45. Qc1+ Kg7 46. Qf4 1-0

[Event "12th Open"]
[Site "Dubai UAE"]
[Date "2010.04.05"]
[Round "1"]
[White "Somoff,A"]
[Black "Gelashvili,T"]
[Result "0-1"]
[WhiteElo "2196"]
[BlackElo "2621"]
[EventDate "2010.04.05"]

1. e4 e5 2. Nf3 d6 3. d4 exd4 4. Nxd4 Nf6 5. Nc3 Be7 6. Be2 O-O 7. O-O Re8
8. f4 Bf8 9. Bf3 c5 10. Nde2 Nc6 11. a4 Nb4 12. Ng3 Rb8 13. b3 b6 14. Bb2
Bb7 15. Qd2 d5 16. exd5 Nfxd5 17. Nxd5 Bxd5 18. Bxd5 Qxd5 19. Qxd5 Nxd5 20.
c4 Nb4 21. Rad1 Rbd8 22. Bc3 Nc2 23. Rxd8 Rxd8 24. Rc1 Nd4 25. Bxd4 cxd4
26. Rd1 d3 27. Kf2 Bc5+ 28. Kf3 Bb4 29. f5 d2 30. Ke2 Re8+ 31. Kd3 Re1 32.
Kc2 Kf8 33. Nf1 Re2 34. g4 Rf2 35. h3 Rf3 36. Nxd2 Rc3+ 37. Kb2 Rxh3 38.
Ne4 Rh2+ 39. Kb1 Ke7 40. Rd3 Re2 41. Ng3 Rg2 42. g5 f6 43. gxf6+ Kxf6 44.
Rf3 Ke5 45. Nh5 Rg5 46. Ng3 h5 47. f6 gxf6 48. Kc2 h4 49. Ne2 Ke4 50. Rxf6
Rg2 51. Re6+ Kf5 52. Re8 h3 53. Kd3 h2 54. Rh8 Bd6 55. Ke3 Rg1 56. Nd4+ Kf6
57. Rh6+ Ke5 0-1

[Event "12th Open"]
[Site "Dubai UAE"]
[Date "2010.04.05"]
[Round "1"]
[White "Iordachescu,V"]
[Black "Tabada,J"]
[Result "1-0"]
[WhiteElo "2621"]
[BlackElo "2189"]
[EventDate "2010.04.05"]

1. e4 c5 2. Nf3 d6 3. d4 cxd4 4. Nxd4 a6 5. c4 Nf6 6. Nc3 e6 7. Be2 Be7 8.
O-O O-O 9. Be3 Nc6 10. Rc1 Bd7 11. Nb3 Ne5 12. f4 Ng6 13. c5 Ne8 14. g3
dxc5 15. Nxc5 Bc6 16. Qxd8 Rxd8 17. h4 Bd6 18. Rfd1 Bc7 19. Bf2 Rxd1+ 20.
Nxd1 Ne7 21. e5 Bb8 22. Nxa6 Nc7 23. Nb4 Rd8 24. Nc3 Ncd5 25. Nxc6 Nxc6 26.
Nxd5 exd5 27. a3 f6 28. exf6 gxf6 29. b4 Kf7 30. b5 Ne7 31. a4 d4 32. Bd3
Ke6 33. a5 Nf5 34. b6 h5 35. Rc5 Ng7 36. Kf1 Rd7 37. Rc8 Bd6 38. Bb5 Re7
39. Bxd4 Nf5 40. Bf2 Bb4 41. a6 bxa6 42. Bxa6 Nd6 43. Rc6 Re8 44. b7 Kd7
45. Rb6 1-0

[Event "12th Open"]
[Site "Dubai UAE"]
[Date "2010.04.05"]
[Round "1"]
[White "Afshari,M"]
[Black "Fedorov,Alex"]
[Result "1/2-1/2"]
[WhiteElo "2182"]
[BlackElo "2618"]
[EventDate "2010.04.05"]

1. Nf3 Nf6 2. c4 g6 3. Nc3 Bg7 4. e4 d6 5. d4 O-O 6. Be2 Bg4 7. Be3 Nfd7 8.
Ng1 Bxe2 9. Ngxe2 a6 10. O-O c5 11. Rc1 Nc6 12. d5 Nce5 13. b3 Nf6 14. a4
e6 15. Nf4 Re8 16. h3 Qb6 17. Nd3 exd5 18. Nxd5 Nxd5 19. exd5 h6 20. Nxe5
Rxe5 21. Qd3 Rae8 22. Bd2 Qd8 23. Rfe1 Qh4 24. Rxe5 Bxe5 25. Re1 Re7 26.
Bc3 Qf6 27. Bxe5 Rxe5 28. Qc3 Rxe1+ 29. Qxe1 Qb2 30. Qe3 Kg7 31. Qg3 Qf6
32. Qe3 h5 33. g3 Qd8 1/2-1/2

[Event "12th Open"]
[Site "Dubai UAE"]
[Date "2010.04.05"]
[Round "1"]
[White "Tejas,R"]
[Black "Volkov,Sergey1"]
[Result "1-0"]
[WhiteElo "2165"]
[BlackElo "2612"]
[EventDate "2010.04.05"]

1. Nf3 d5 2. d4 Nf6 3. c4 c6 4. cxd5 cxd5 5. Nc3 Nc6 6. Bf4 Nh5 7. Be5 f6
8. Bg3 e5 9. e3 e4 10. Nd2 Nxg3 11. hxg3 f5 12. Be2 g6 13. Qb3 Ne7 14. g4
Bg7 15. gxf5 Bxf5 16. g4 Bc8 17. O-O-O Qb6 18. Qa3 Bf6 19. f3 exf3 20. Bxf3
Be6 21. e4 O-O-O 22. Kb1 Qxd4 23. e5 Qxe5 24. Rhe1 Qd6 25. Qxd6 Rxd6 26.
Nde4 dxe4 27. Rxd6 exf3 28. Rdxe6 Bh4 29. Rf1 Rf8 30. Re3 f2 31. Nd1 Nc6
32. Re4 g5 33. Ne3 Rf4 34. Rxf4 gxf4 35. Nd1 Ne5 36. Nxf2 Kd7 37. Kc2 Bg3
38. Kc3 Kc6 39. b3 h6 40. a3 a5 41. Nd3 Nxg4 42. Kd4 Nh2 43. Rc1+ Kd6 44.
Ke4 f3 45. Rc2 h5 46. a4 h4 47. Nf2 b6 48. Nh3 Ke7 49. Nf2 Kf6 50. Nh3 Kg7
51. Nf2 Kg6 52. Rd2 Kh5 53. Rd5+ Kh6 54. Rd2 Kg6 55. Rc2 Kh5 56. Rd2 Kg5
57. Rd5+ Kf6 58. Rd2 Ke6 59. Nh3 Ke7 60. Nf2 Bd6 61. Nh3 Bg3 62. Nf2 Kf7
63. Nh3 Ke8 64. Nf2 Ke7 65. Nh3 Kf6 66. Nf2 Kg6 67. Rc2 Kh5 68. Rd2 Kh6 69.
Rc2 Kg5 70. Rd2 Kf6 71. Rc2 Ke6 72. Rd2 Bd6 73. Nh3 Kd7 74. Nf4 Nf1 75. Rf2
Ng3+ 76. Kxf3 Nf5 77. Ke4 Ng3+ 78. Kd5 Bc5 79. Rh2 Nf5 80. Ng6 Bd6 81. Rh3
Bg3 82. Ke4 Nd6+ 83. Kd5 Nf5 84. Rh1 Ne3+ 85. Ke4 Ng4 86. Kf3 Nf2 87. Rc1
Nh3 88. Nxh4 Bxh4 89. Kg4 Ng5 90. Kxh4 Ne6 91. Kg4 Nc5 92. Rc3 Kc6 93. Kf4
b5 94. Ke5 bxa4 95. Kd4 axb3 96. Rxc5+ Kb6 97. Rc3 a4 98. Rh3 b2 99. Rh1 a3
100. Kc3 Ka5 101. Kb3 1-0

[Event "12th Open"]
[Site "Dubai UAE"]
[Date "2010.04.05"]
[Round "1"]
[White "Ayyad,M"]
[Black "Safarli,E"]
[Result "0-1"]
[WhiteElo "2151"]
[BlackElo "2606"]
[EventDate "2010.04.05"]

1. d4 Nf6 2. Nf3 g6 3. c4 Bg7 4. Nc3 d5 5. Bg5 Ne4 6. cxd5 Nxg5 7. Nxg5 e6
8. Nf3 exd5 9. e3 O-O 10. Be2 Qd6 11. O-O c6 12. h3 Nd7 13. Rb1 a5 14. a3
Re8 15. Re1 Nf6 16. b4 b5 17. Qb3 Bf5 18. Rb2 Nd7 19. g4 Be6 20. bxa5 Reb8
21. Nb1 Rxa5 22. Qc3 Raa8 23. Rc1 Rc8 24. Nfd2 Nb6 25. Rbc2 Nc4 26. Nb3 Re8
27. Nc5 Bc8 28. a4 Nxe3 29. fxe3 Qg3+ 30. Kf1 Rxe3 31. Qd2 Qxh3+ 32. Ke1
Bxg4 0-1

[Event "12th Open"]
[Site "Dubai UAE"]
[Date "2010.04.05"]
[Round "1"]
[White "Mona,K"]
[Black "Gupta,Ab"]
[Result "0-1"]
[WhiteElo "2111"]
[BlackElo "2560"]
[EventDate "2010.04.05"]

1. d4 Nf6 2. Nf3 d5 3. e3 g6 4. c4 Bg7 5. Nc3 O-O 6. Qb3 c6 7. Bd2 e6 8.
Bd3 Nbd7 9. O-O a6 10. a4 dxc4 11. Bxc4 b5 12. Bxe6 fxe6 13. Qxe6+ Kh8 14.
Qxc6 Rb8 15. Qd6 b4 16. Ne2 Ne4 17. Qe6 Ne5 18. Qa2 Nxf3+ 19. gxf3 Nxd2 20.
Rfd1 Nxf3+ 21. Kg2 Qh4 0-1

[Event "12th Open"]
[Site "Dubai UAE"]
[Date "2010.04.05"]
[Round "1"]
[White "Malakhatko,V"]
[Black "Darwish,M"]
[Result "1-0"]
[WhiteElo "2548"]
[BlackElo "2098"]
[EventDate "2010.04.05"]

1. d4 d5 2. c4 Nf6 3. cxd5 c6 4. dxc6 Nxc6 5. Nf3 e5 6. dxe5 Qxd1+ 7. Kxd1
Ng4 8. Ke1 Ngxe5 9. Nxe5 Nxe5 10. Bd2 Bd6 11. Bc3 O-O 12. Nd2 Re8 13. e3
Bf5 14. Nc4 Bc7 15. Nxe5 Bxe5 16. Bxe5 Rxe5 17. Rc1 Rd8 18. Be2 h6 19. h4
Be4 20. Rg1 Rd6 21. g4 Rb6 22. b3 Ra5 23. f3 Rc6 24. Rd1 Bc2 25. Rd8+ Kh7
26. Bc4 Rf6 27. Rd2 Rxa2 28. Rxc2 Ra1+ 29. Kf2 Rxg1 30. Kxg1 Rxf3 31. Kg2
1-0

[Event "12th Open"]
[Site "Dubai UAE"]
[Date "2010.04.05"]
[Round "1"]
[White "Arun Prasad,S"]
[Black "Salah,R"]
[Result "1-0"]
[WhiteElo "2549"]
[BlackElo "2106"]
[EventDate "2010.04.05"]

1. d4 Nf6 2. c4 e6 3. Nf3 b6 4. g3 Bb7 5. Bg2 d5 6. O-O Bd6 7. Nc3 a6 8.
cxd5 exd5 9. Nh4 O-O 10. Bg5 c6 11. e4 dxe4 12. Nxe4 Be7 13. Nf5 Nd5 14.
Nxe7+ Nxe7 15. Qb3 Re8 16. Nc5 Bc8 17. Na4 b5 18. Nc5 h6 19. Bxe7 Rxe7 20.
Qc3 Raa7 21. a4 Bg4 22. h3 Be2 23. Rfc1 Bc4 24. Re1 Bd5 25. axb5 Bxg2 26.
Rxe7 Rxe7 27. bxa6 Nxa6 28. Kxg2 Nc7 29. Rd1 Qd5+ 30. Qf3 Re2 31. Nd3 Qe6
32. Nf4 1-0

[Event "12th Open"]
[Site "Dubai UAE"]
[Date "2010.04.05"]
[Round "1"]
[White "Sanikidze,T"]
[Black "Omar,Noa"]
[Result "0-1"]
[WhiteElo "2566"]
[BlackElo "2113"]
[EventDate "2010.04.05"]

1. d4 d5 2. Nf3 Nf6 3. c4 e6 4. Nc3 Be7 5. Bg5 O-O 6. e3 h6 7. Bh4 Ne4 8.
Bxe7 Qxe7 9. Rc1 c6 10. Qc2 Nd7 11. Bd3 Nxc3 12. Qxc3 dxc4 13. Bxc4 b6 14.
O-O Bb7 15. Rfd1 Rfd8 16. Be2 a5 17. Nd2 c5 18. Qa3 Qg5 19. Bf3 Bxf3 20.
Nxf3 Qf5 21. Qb3 Qd5 22. Qxd5 exd5 23. dxc5 Nxc5 24. Ne5 Rac8 25. Kf1 Kf8
26. Rc2 Ke7 27. Ke2 Ke6 28. Nf3 Ne4 29. Nd4+ Kf6 30. Rdc1 Nd6 31. Rc6 Rb8
32. Rc7 Rdc8 33. Nb5 Rxc7 34. Nxc7 d4 35. exd4 0-1

[Event "12th Open"]
[Site "Dubai UAE"]
[Date "2010.04.05"]
[Round "1"]
[White "Melkumyan,H"]
[Black "Ayyad,H"]
[Result "1-0"]
[WhiteElo "2582"]
[BlackElo "2128"]
[EventDate "2010.04.05"]

1. d4 Nf6 2. c4 e6 3. Nc3 d5 4. Bg5 Be7 5. e3 a6 6. Rc1 O-O 7. Bd3 dxc4 8.
Bxc4 b5 9. Be2 Bb7 10. Bf3 c6 11. Nge2 Nbd7 12. O-O Qb6 13. Ne4 Rac8 14.
Nf4 c5 15. Bxf6 gxf6 16. dxc5 Nxc5 17. Nxc5 Rxc5 18. Qd7 Bxf3 19. Qxe7 Rg5
20. Qxf6 Qd8 21. Qxd8 Rxd8 22. h4 Rg7 23. Kh2 e5 24. gxf3 exf4 25. Rfd1 Re8
26. exf4 f5 27. Rd5 h6 28. Rcd1 Re2 29. R5d2 Re6 30. h5 b4 31. Rc1 Re8 32.
Rc6 a5 33. Rxh6 Re1 34. Rd8+ Kf7 35. Rd7+ Kg8 36. Rg6 Rxg6 37. hxg6 a4 38.
Kg3 Rh1 39. Rb7 a3 40. b3 1-0

[Event "12th Open"]
[Site "Dubai UAE"]
[Date "2010.04.05"]
[Round "1"]
[White "Ghaem Maghami,E"]
[Black "Khechen,N"]
[Result "1-0"]
[WhiteElo "2575"]
[BlackElo "2118"]
[EventDate "2010.04.05"]

1. c4 e5 2. Nc3 Nf6 3. Nf3 Nc6 4. d4 exd4 5. Nxd4 Bb4 6. Bg5 h6 7. Bh4 Ne5
8. Qb3 Bxc3+ 9. Qxc3 Ng6 10. Qe3+ Kf8 11. Bg3 Kg8 12. O-O-O Kh7 13. f3 Re8
14. Qc3 d6 15. e4 Qe7 16. Bd3 Nh5 17. Kb1 Nhf4 18. Bc2 a6 19. h4 h5 20.
Bxf4 Nxf4 21. e5+ Kg8 22. exd6 Qxd6 23. g3 Ng6 24. Nf5 Qf8 25. g4 hxg4 26.
fxg4 Ne5 27. h5 Bxf5 28. gxf5 f6 29. Rdg1 Kh7 30. Rg6 Nf7 31. Qg3 Nh6 32.
Qxc7 Re7 33. Qf4 Rae8 34. Rc1 Re5 35. a3 b5 36. cxb5 Rxb5 37. Ba4 Rxf5 1-0

[Event "12th Open"]
[Site "Dubai UAE"]
[Date "2010.04.05"]
[Round "1"]
[White "Saduakassova,D"]
[Black "Savchenko,S"]
[Result "0-1"]
[WhiteElo "2094"]
[BlackElo "2526"]
[EventDate "2010.04.05"]

1. e4 c5 2. Nf3 d6 3. d4 cxd4 4. Nxd4 Nf6 5. Nc3 a6 6. Be2 e6 7. O-O Nc6 8.
Be3 Be7 9. Kh1 O-O 10. f4 Bd7 11. Nb3 b5 12. a3 Qc7 13. Bf3 Rab8 14. Qe1 b4
15. axb4 Nxb4 16. Qd2 e5 17. Nc1 Bc6 18. Nd3 a5 19. Bf2 Nd7 20. Na2 Nxd3
21. cxd3 Nc5 22. Rab1 exf4 23. Nc3 Bf6 24. Ne2 Bb5 25. Bxc5 dxc5 26. Nxf4
Bg5 27. Be2 Rfd8 28. Rbc1 Bxf4 29. Qxf4 Qxf4 30. Rxf4 Bxd3 31. Bxd3 Rxd3
32. Rf5 Rbd8 33. Rcf1 Rd1 34. Rxf7 Rxf1+ 35. Rxf1 Rd2 36. Rb1 Re2 37. Kg1
a4 38. Kf1 Rxe4 39. Rc1 Rb4 40. Rc2 Kf7 41. Re2 Rb6 42. g3 c4 43. Rc2 Rb4
44. Re2 c3 45. bxc3 Rb1+ 46. Kg2 a3 47. Kh3 Rb6 48. Ra2 Ra6 0-1

[Event "12th Open"]
[Site "Dubai UAE"]
[Date "2010.04.05"]
[Round "1"]
[White "Saud,M"]
[Black "Lopez Martinez,Josep"]
[Result "0-1"]
[WhiteElo "2102"]
[BlackElo "2548"]
[EventDate "2010.04.05"]

1. d4 Nf6 2. Nf3 g6 3. c4 Bg7 4. Nc3 O-O 5. Bf4 d6 6. e3 c6 7. h3 a6 8. Be2
b5 9. a3 Nbd7 10. O-O bxc4 11. Bxc4 c5 12. Rc1 Bb7 13. Ng5 Rb8 14. Na4 cxd4
15. exd4 Bd5 16. Qe2 Qa5 17. b3 Bxc4 18. Qxc4 Nd5 19. b4 Qb5 20. Bd2 N7b6
21. Nxb6 Nxb6 22. Qc7 Rfe8 23. Nf3 Rbc8 24. Qa7 Nc4 25. Bg5 e6 26. Rc3 h6
27. Bh4 Nd2 28. Nxd2 Rxc3 29. Ne4 Rc6 30. Qd7 Rb6 31. Qc7 Qc6 32. Qxc6 Rxc6
33. Bg3 d5 34. Nd6 Re7 35. Rd1 Rd7 36. Ne8 0-1

[Event "12th Open"]
[Site "Dubai UAE"]
[Date "2010.04.05"]
[Round "1"]
[White "Marcos,M"]
[Black "Shengelia,D"]
[Result "0-1"]
[WhiteElo "2113"]
[BlackElo "2567"]
[EventDate "2010.04.05"]

1. e4 c5 2. Nc3 d6 3. g3 g6 4. Bg2 Bg7 5. d3 e6 6. Be3 Nc6 7. Qd2 Rb8 8.
Nge2 Nd4 9. O-O Ne7 10. Nc1 b5 11. Nd1 b4 12. c3 bxc3 13. bxc3 Ndc6 14. Bh6
O-O 15. Bxg7 Kxg7 16. Ne3 e5 17. Ne2 Qb6 18. Nc4 Qc7 19. f4 f6 20. Rf2 Ba6
21. Ne3 Qb6 22. Rc1 Qb2 23. Rc2 Qa3 24. h4 c4 25. d4 exd4 26. Nxd4 Nxd4 27.
Qxd4 Nc6 28. Qd5 Nb4 29. cxb4 Qxe3 30. Qxd6 Rb6 31. Qd5 Qxg3 32. h5 Rxb4
33. Rc1 Qe3 34. Qd7+ Kh6 35. Rcf1 Qc5 36. hxg6 hxg6 37. Bf3 Bc8 38. Qd1 c3
39. Kg2 Kg7 40. Qc1 Rh8 41. Kg3 Be6 42. Rh1 Rxh1 43. Qxh1 Qd4 0-1

[Event "12th Open"]
[Site "Dubai UAE"]
[Date "2010.04.05"]
[Round "1"]
[White "Molina,Ant1"]
[Black "Arutinian,D"]
[Result "0-1"]
[WhiteElo "2122"]
[BlackElo "2576"]
[EventDate "2010.04.05"]

1. d4 g6 2. c4 Bg7 3. Nc3 d6 4. e4 e5 5. Nf3 Nc6 6. Be3 Bg4 7. d5 Nd4 8.
Nb5 Nxf3+ 9. gxf3 Bd7 10. Nxa7 f5 11. Nb5 Nf6 12. Nc3 O-O 13. Bg2 Nh5 14.
Qc1 Nf4 15. Bxf4 exf4 16. exf5 Qe7+ 17. Kf1 Bxf5 18. Qd2 Be5 19. a3 Qf6 20.
Rc1 Rf7 21. h3 Kh8 22. Kg1 b6 23. Kh2 g5 24. Kg1 Rg8 25. Kf1 Re8 26. b3
Rfe7 27. Kg1 Qg7 28. b4 Bd4 29. Kh2 Be5 30. Kg1 Qf6 31. Bf1 Qg6 32. Bg2 Kg8
33. Nb5 Qf6 34. Bf1 h5 35. c5 bxc5 36. bxc5 g4 37. cxd6 cxd6 38. Nc7 Rb8
39. Ne6 Qg6 40. fxg4 hxg4 41. h4 Be4 42. h5 Qf6 43. Bg2 f3 44. Bf1 g3 45.
Bd3 Bxd5 46. Nc7 Bf7 47. fxg3 f2+ 48. Kf1 Bxg3 0-1

[Event "12th Open"]
[Site "Dubai UAE"]
[Date "2010.04.05"]
[Round "1"]
[White "Iturrizaga,E"]
[Black "Tawfeik,Mou"]
[Result "1-0"]
[WhiteElo "2604"]
[BlackElo "2150"]
[EventDate "2010.04.05"]

1. Nf3 Nf6 2. c4 c5 3. Nc3 Nc6 4. d4 cxd4 5. Nxd4 d5 6. g3 dxc4 7. Nxc6
Qxd1+ 8. Nxd1 bxc6 9. Bg2 Nd5 10. Ne3 e6 11. Nxc4 Ba6 12. Na5 Bb4+ 13. Bd2
Bxd2+ 14. Kxd2 Rc8 15. Rhc1 c5 16. Bxd5 exd5 17. Nb3 c4 18. Nd4 Rb8 19. Kc3
Kd7 20. Rd1 Rhe8 21. b4 Rb6 22. Rd2 Rd6 23. e3 Bb7 24. a4 g5 25. b5 g4 26.
a5 Rh6 27. Rh1 Re5 28. a6 Ba8 29. Kb4 Kc7 30. Ne2 d4 31. Rc1 dxe3 32. fxe3
Rxe3 33. Rxc4+ Kb6 34. Rd8 Bc6 35. Rb8+ Kc7 36. Rb7+ Kd8 37. bxc6 1-0

[Event "12th Open"]
[Site "Dubai UAE"]
[Date "2010.04.05"]
[Round "1"]
[White "Karma,P"]
[Black "Gagunashvili,M"]
[Result "0-1"]
[WhiteElo "2134"]
[BlackElo "2582"]
[EventDate "2010.04.05"]

1. e4 d6 2. d4 Nf6 3. Nc3 g6 4. Be3 c6 5. h3 Nbd7 6. f4 e5 7. dxe5 dxe5 8.
Qf3 exf4 9. Bxf4 Nh5 10. Be3 Ne5 11. Qf2 Be7 12. Rd1 Bd7 13. Nge2 O-O 14.
Bh6 Re8 15. g3 Bg5 16. Bxg5 Qxg5 17. Bg2 Be6 18. O-O Nc4 19. g4 Ng7 20. Nf4
Ne5 21. Nce2 Bc4 22. Nd3 h5 23. gxh5 Nxh5 24. b3 Bxd3 25. cxd3 c5 26. b4 b6
27. bxc5 bxc5 28. Nc3 Rac8 29. Nd5 Kg7 30. Rb1 Rb8 31. Rxb8 Rxb8 32. d4
cxd4 33. Qxd4 Ng3 34. Rxf7+ Kh6 35. Rh7+ Kxh7 36. Qxa7+ Nd7 37. Qxd7+ Kh6
38. Qg4 Qxg4 39. hxg4 Rb2 40. a4 Ra2 41. a5 Ne2+ 42. Kf1 Nd4 43. a6 Rxa6
44. Kf2 Kg5 45. Ke3 Nc6 46. Bf1 Ra3+ 47. Kf2 Ne5 48. Be2 Nxg4+ 49. Bxg4
Kxg4 50. Kg2 g5 51. Kf2 Kh3 52. Ke2 g4 53. e5 g3 54. e6 g2 55. Nf4+ Kh2 56.
e7 Ra8 0-1

[Event "12th Open"]
[Site "Dubai UAE"]
[Date "2010.04.05"]
[Round "1"]
[White "Dzagnidze,N"]
[Black "Al Housa,K"]
[Result "1-0"]
[WhiteElo "2479"]
[BlackElo "2019"]
[EventDate "2010.04.05"]

1. d4 d5 2. c4 c6 3. Nf3 Nf6 4. Nc3 Bf5 5. cxd5 cxd5 6. Qb3 b6 7. Bg5 e6 8.
e4 dxe4 9. Bb5+ Ke7 10. Ne5 a6 11. Bc6 Ra7 12. d5 h6 13. Qb4+ Qd6 14. Qxb6
Qc7 15. d6+ Kxd6 16. Qb4+ Kxe5 17. f4+ exf3 18. Qf4+ 1-0

[Event "12th Open"]
[Site "Dubai UAE"]
[Date "2010.04.05"]
[Round "1"]
[White "Laxman,R"]
[Black "Pabalan,R"]
[Result "1-0"]
[WhiteElo "2485"]
[BlackElo "2041"]
[EventDate "2010.04.05"]

1. Nf3 d5 2. d4 c6 3. c4 a6 4. Nbd2 Nf6 5. Qc2 g6 6. e4 dxe4 7. Nxe4 Nxe4
8. Qxe4 Bg7 9. Be2 O-O 10. O-O Bf5 11. Qh4 e5 12. dxe5 Nd7 13. Bg5 Qa5 14.
Nd4 Nxe5 15. Nxf5 gxf5 16. Qh3 Ng6 17. Bd3 h6 18. Bxh6 Bxh6 19. Qxh6 Rad8
20. Qh3 Kg7 21. Rfd1 Kf6 22. Qg3 Rd4 23. Bf1 Rfd8 24. Rxd4 Rxd4 25. Qb3 Rd2
26. Rd1 Rxd1 27. Qxd1 Qxa2 28. Qd4+ Kg5 29. g3 Qa5 30. Qg7 Qd2 31. h4+ Kg4
32. Qxf7 1-0

[Event "12th Open"]
[Site "Dubai UAE"]
[Date "2010.04.05"]
[Round "1"]
[White "De Guzman,C"]
[Black "Harutjunyan,G"]
[Result "0-1"]
[WhiteElo "2009"]
[BlackElo "2476"]
[EventDate "2010.04.05"]

1. e4 c6 2. d4 d5 3. e5 Bf5 4. Nf3 e6 5. Be2 Nd7 6. O-O Nh6 7. h3 Bg6 8.
Nh2 c5 9. c3 Nf5 10. Nf3 Rc8 11. Nbd2 Be7 12. g4 Nh6 13. Qe1 O-O 14. Nb3 c4
15. Bxh6 gxh6 16. Nbd2 f6 17. h4 h5 18. exf6 Bxf6 19. g5 Bg7 20. Kg2 Rf4
21. Bd1 Rg4+ 22. Kh1 e5 23. Rg1 exd4 24. Rxg4 dxc3 25. Rf4 cxb2 26. Rb1 c3
27. Qe6+ Kh8 28. Rxb2 cxb2 29. Rb4 Rc1 30. Rxb7 Nc5 0-1

[Event "12th Open"]
[Site "Dubai UAE"]
[Date "2010.04.05"]
[Round "1"]
[White "Arellano,R"]
[Black "Kotanjian,T"]
[Result "0-1"]
[WhiteElo "2070"]
[BlackElo "2522"]
[EventDate "2010.04.05"]

1. d4 d5 2. Nf3 Nf6 3. g3 e6 4. Bg2 b5 5. O-O c5 6. b3 Bb7 7. c4 dxc4 8.
bxc4 bxc4 9. Qa4+ Nbd7 10. Ba3 Rc8 11. Bxc5 Bxc5 12. dxc5 Rxc5 13. Qxa7 Qa8
14. Qxa8+ Bxa8 15. Rc1 Ke7 16. a4 Nd5 17. Nfd2 Rhc8 18. Nc3 Ra5 19. Nxd5+
exd5 20. e4 dxe4 21. Rxc4 Rxc4 22. Nxc4 Rc5 23. Bf1 Ke6 24. a5 Ne5 25. Nxe5
Kxe5 26. a6 g5 27. Rb1 Bd5 0-1

[Event "12th Open"]
[Site "Dubai UAE"]
[Date "2010.04.05"]
[Round "1"]
[White "Lalith,B"]
[Black "Johny,P"]
[Result "1-0"]
[WhiteElo "2493"]
[BlackElo "2051"]
[EventDate "2010.04.05"]

1. Nf3 Nf6 2. c4 c6 3. Nc3 d5 4. d4 dxc4 5. a4 Bf5 6. Nh4 Bg6 7. Nxg6 hxg6
8. e4 e6 9. Bxc4 Bb4 10. Qd3 Qa5 11. O-O Nbd7 12. e5 Nd5 13. Ne4 Be7 14.
Bd2 Qc7 15. Rac1 N7b6 16. Bb3 Rd8 17. a5 Nc8 18. a6 O-O 19. Rfd1 b6 20. Bg5
Bxg5 21. Nxg5 Qe7 22. Qg3 f6 23. Ne4 Qf7 24. Rxc6 Nce7 25. Rcc1 fxe5 26.
Ng5 Qf4 27. Nxe6 1-0

[Event "12th Open"]
[Site "Dubai UAE"]
[Date "2010.04.05"]
[Round "1"]
[White "Dolor,L"]
[Black "Salem,AR"]
[Result "0-1"]
[WhiteElo "2020"]
[BlackElo "2483"]
[EventDate "2010.04.05"]

1. e4 c5 2. d3 Nc6 3. Be3 e6 4. g3 d5 5. exd5 exd5 6. Bg2 Be6 7. Ne2 Nf6 8.
O-O Be7 9. d4 Bg4 10. f3 cxd4 11. Nxd4 Bh5 12. Re1 O-O 13. Nf5 Bb4 14. c3
Ba5 15. Kh1 Bb6 16. Qd2 Re8 17. Na3 Bg6 18. Nh4 Ne5 19. Nxg6 hxg6 20. Bg5
Qd7 21. Bxf6 gxf6 22. Rad1 Rad8 23. Re2 Kg7 24. Rde1 Rh8 25. h4 Qf5 26. f4
Nc4 27. Qc2 Qg4 28. Kh2 Rxh4+ 29. gxh4 Qxf4+ 30. Kh1 Rh8 31. Bh3 Qf3+ 32.
Rg2 Rxh4 0-1

[Event "12th Open"]
[Site "Dubai UAE"]
[Date "2010.04.05"]
[Round "1"]
[White "Harika,D"]
[Black "Bayat,S"]
[Result "1-0"]
[WhiteElo "2473"]
[BlackElo "1999"]
[EventDate "2010.04.05"]

1. Nf3 e6 2. c4 Nf6 3. g3 b6 4. Bg2 Bb7 5. O-O Be7 6. Nc3 O-O 7. Re1 d5 8.
cxd5 Nxd5 9. e4 Nb4 10. d4 c5 11. a3 cxd4 12. Nxd4 N4c6 13. Nxc6 Nxc6 14.
e5 Qxd1 15. Rxd1 Rad8 16. Be3 Rxd1+ 17. Rxd1 Rd8 18. Rc1 Rd7 19. f4 Na5 20.
Bxb7 Nxb7 21. Nb5 a6 22. Nc3 b5 23. Ne4 Na5 24. Nd2 h6 25. Kf1 Nb7 26. Ke2
a5 27. Rc8+ Kh7 28. Ne4 Kg6 29. Rc6 Nd8 30. Ra6 a4 31. Rb6 Rb7 32. Rxb7
Nxb7 1-0

[Event "12th Open"]
[Site "Dubai UAE"]
[Date "2010.04.05"]
[Round "1"]
[White "Arizmendi Martinez,J"]
[Black "Mehdi,S"]
[Result "1-0"]
[WhiteElo "2531"]
[BlackElo "2085"]
[EventDate "2010.04.05"]

1. Nf3 Nf6 2. c4 e6 3. Nc3 Bb4 4. Qc2 O-O 5. a3 Be7 6. e4 c5 7. e5 Ne8 8.
d4 cxd4 9. Nxd4 d6 10. exd6 Qxd6 11. Be3 Nc6 12. O-O-O Qc7 13. Bd3 Nf6 14.
Nxc6 Qxc6 15. Rhg1 e5 16. Nd5 Nxd5 17. Bxh7+ Kh8 18. cxd5 Qd6 19. Bd3 Bg4
20. Kb1 Rfc8 21. Qb3 Bxd1 22. Rxd1 b5 23. h4 a6 24. h5 Bf6 25. Be4 Rc4 26.
f3 Rb8 27. Bd3 Rcc8 28. Bd2 Qb6 29. g4 Qd4 30. g5 Be7 31. Bf5 Qc4 32. Qe3
Qxd5 33. Bxc8 Rxc8 34. Rc1 Rxc1+ 35. Bxc1 Bc5 36. Qe4 Qxe4+ 37. fxe4 f6 38.
g6 Kg8 39. Kc2 Kf8 40. Kd3 Ke8 41. Ke2 Bf8 42. b4 Kd7 43. Kf3 Ke6 44. Kg4
Be7 45. Be3 Bd8 46. Bc5 Be7 47. h6 gxh6 48. g7 1-0

[Event "12th Open"]
[Site "Dubai UAE"]
[Date "2010.04.05"]
[Round "1"]
[White "Shabanov,N"]
[Black "Khader,Sam"]
[Result "1-0"]
[WhiteElo "1985"]
[BlackElo "2466"]
[EventDate "2010.04.05"]

1. d4 Nf6 2. c4 e6 3. Nc3 Bb4 4. g3 c5 5. Nf3 d5 6. cxd5 exd5 7. Bg2 Ne4 8.
Bd2 O-O 9. O-O Nc6 10. a3 Nxd2 11. Qxd2 Ba5 12. Rfd1 Bg4 13. dxc5 Bxf3 14.
Bxf3 d4 15. Qc2 Qg5 16. Nb5 Rad8 17. b4 a6 18. Nd6 Bc7 19. Nxb7 Ne5 20.
Nxd8 Rxd8 21. Bg2 Ng4 22. Qe4 h5 23. Rd3 Nf6 24. Qc6 Qe5 25. Rad1 h4 26. f4
Qe7 27. Bf3 hxg3 28. hxg3 g5 29. fxg5 Nh7 30. Qe4 Be5 31. Kg2 Nxg5 32. Qf5
Kg7 33. Rh1 Rg8 34. c6 Kf8 35. Qc8+ Kg7 36. Qf5 Kf8 37. g4 Kg7 38. Rh5 f6
39. Qd7 Qxd7 40. cxd7 Ne6 41. Rf5 Rd8 42. Bc6 Kf8 1-0

[Event "12th Open"]
[Site "Dubai UAE"]
[Date "2010.04.05"]
[Round "1"]
[White "Pantsulaia,L"]
[Black "Coleman,J"]
[Result "1-0"]
[WhiteElo "2588"]
[BlackElo "2136"]
[EventDate "2010.04.05"]

1. Nf3 Nf6 2. c4 c6 3. g3 d5 4. Bg2 Bg4 5. Ne5 Be6 6. cxd5 Bxd5 7. Nf3 c5
8. Nc3 Bc6 9. O-O e6 10. Re1 Be7 11. e4 b6 12. d4 cxd4 13. Nxd4 Bb7 14. e5
Nd5 15. Nf5 exf5 16. Nxd5 Bc6 17. Qb3 Qc8 18. Nxe7 Kxe7 19. Bg5+ Ke8 20.
Rad1 1-0